000 00947nam a22002777a 4500
003 DO-SdBPM
005 20250305080119.0
008 171123b2004 ch | 00| 0 spa d
020 _a
040 _a DO-SdBPM
_bspa
_cBPMSU
082 4 _a782.42
_bM995f 2004
_222
245 0 0 _a My first songs = Mis canciones en inglés
_b
246 1 3 _aMis primeras canciones en inglés
260 _aChina :
_bEditorial Lexus,
_c2004
300 _aVarias paginaciones :
_bils.;
_c24 cm.
500 _a
590 _aInventariado, 2025/VM
650 4 _aInglés
_xEnceñanzas
_xCanciones y música
650 4 _aCanciones
_xEnseñanza.
650 4 _aCanciones infantiles
_x
710 2 _aEdiciones Lexus
740 3 2 _aEl bolero en Colombia.
740 3 2 _aLa canción colombiana : su historia, sus compositores, sus mejores intérpretes : 500 canciones armonizadas para guitarra.
910 _aVMateo V. Control de calidad BPMSU
942 _2ddc
_cBK
999 _c14973
_d14973